01430nam a2200229Ia 4500008004100000050002000041100002500061240006500086245008200151250001800233260003300251300004800284336001000332337001400342338001200356500004800368504004200416505064100458650002201099650003201121700004701153120720t19721975mx ad 000 0 spa d aBF181bM24 1975 aMcGuigan, E.Jeautor aExperimental Psychology a Methodological Approachlespañol aPsicología Experimentalb : enfoque metodológico c / Frank J, McGuigan  a2a. edición aMéxicob : Trillasc, 1975 a460 páginasb : ilustraciones, gráficas atexto asin medio avolumen aIncluye: índice alfabético (pp.452-460) aIncluye: bibliografía (pp.444-451)  aBosquejo de la experimentación El problema La hipótesis El plan experimental Diseño experimental: el caso de dos grupos seleccionados al azar Control experiemental Las variables independientes y dependientes Diseño experimental: el caso de dos grupos apareados Diseño experimental: el caso de más de dos grupos seleccionados Diseño experimental: el diseño factorial Diseño experimental: diseño intra-sujetos Las bases lógicas de las inferencias experimentales El esquema inductivo: revisión de algunas características de la ciencia Generalización, explicación y predicción en la experimentación 10aPSICOFISIOLOGÍA20aPSICOLOGÍAxMETODOLOGÍA aFebre y del Rivero, Ana Maríaetraductor